Fundamentos de química analítica

Uloženo v:
Podrobná bibliografie
Hlavní autoři: Skoog, Douglas A (Autor), West, Donald N (Autor)
Médium: Kniha
Jazyk:španělština
Vydáno: Barcelona Reverté 1977
Témata:
Tagy: Přidat tag
Žádné tagy, Buďte první, kdo vytvoří štítek k tomuto záznamu!

MARC

LEADER 00000nam a2200000 a 4500
001 UCZ1568
003 CL-VaPUC
008 950824e19770000SP |||||||||||||||||spa|d
082 0 4 |a 543  |b SKO  |2 21 
100 0 |a Skoog, Douglas A  |e author  |9 345153 
700 0 |a West, Donald N  |e author  |9 345154 
245 1 0 |a Fundamentos de química analítica 
300 |a 2 v 
942 |c BK 
945 |d 19950824 00:00:00  |a awong 
260 |a Barcelona  |b Reverté  |c 1977 
650 0 |a Química analítica  |9 259648 
650 0 |a Análisis gravimétrico   |9 345155 
650 0 |a Análisis volumétrico   |9 345156 
650 7 |a ELECTROANALISIS  |2 CL-VaPUC  |9 339675 
650 0 |a Polarografía   |v Análisis   |9 345157 
650 0 |a Análisis  |9 259550 
583 |a last modification  |c 19950824 00:00:00  |k Rodrigo Vera 
999 |c 238304  |d 238302 
952 |0 0  |1 0  |4 0  |6 543_000000000000000_SKO_1977  |7 0  |8 A  |9 248385  |a BIBCUR  |b BIBCUR  |d 2019-11-18  |h v.1  |i 3127982  |l 2  |o 543 SKO 1977  |p 3127982  |r 2025-04-22  |s 2023-08-09  |w 2019-11-18  |y BK  |k BCB 
952 |0 0  |1 0  |4 0  |6 543_000000000000000_SKO_1977  |7 0  |8 A  |9 248386  |a BIBCUR  |b BIBCUR  |d 2019-11-18  |h v.1  |i 3127990  |l 1  |o 543 SKO 1977  |p 3127990  |r 2025-04-22  |s 2023-08-08  |w 2019-11-18  |y BK  |k BCB 
952 |0 0  |1 0  |4 0  |6 543_000000000000000_SKO_1977  |7 0  |8 A  |9 248387  |a BIBCUR  |b BIBCUR  |d 2019-11-18  |h v.2  |i 3128008  |o 543 SKO 1977  |p 3128008  |r 2025-04-22  |w 2019-11-18  |y BK  |k BCB 
952 |0 0  |1 0  |4 0  |6 543_000000000000000_SKO_1977  |7 0  |8 A  |9 248388  |a BIBCUR  |b BIBCUR  |d 2019-11-18  |h v.2  |i 3128016  |o 543 SKO 1977  |p 3128016  |r 2024-01-29  |w 2019-11-18  |y BK  |k BCB 
952 |0 0  |1 0  |4 0  |6 543_000000000000000_SKO_1977  |7 0  |8 A  |9 248389  |a BIBCUR  |b BIBCUR  |d 2019-11-18  |h v.2  |i 3128024  |o 543 SKO 1977  |p 3128024  |r 2025-04-22  |w 2019-11-18  |y BK  |k BCB 
952 |0 0  |1 0  |4 0  |6 543_000000000000000_SKO_1977  |7 0  |8 A  |9 248390  |a BIBCUR  |b BIBCUR  |d 2019-11-18  |h v.2  |i 3128032  |o 543 SKO 1977  |p 3128032  |r 2025-04-22  |w 2019-11-18  |y BK  |k BCB 
952 |0 0  |1 0  |4 0  |6 543_000000000000000_SKO_1977  |7 0  |8 A  |9 248391  |a BIBCUR  |b BIBCUR  |d 2019-11-18  |h v.1  |i 3136221  |o 543 SKO 1977  |p 3136221  |r 2025-04-22  |w 2019-11-18  |y BK  |k BCB 
952 |0 0  |1 0  |4 0  |6 543_000000000000000_SKO_1977  |7 0  |8 A  |9 248393  |a BIBING  |b BIBING  |d 2019-11-18  |h v.2  |i 1650645  |o 543 SKO 1977  |p 1650645  |r 2025-01-20  |w 2019-11-18  |y BK  |k EIQ 
952 |0 0  |1 0  |4 0  |6 543_000000000000000_SKO_1977  |7 0  |8 A  |9 248394  |a BIBCUR  |b BIBCUR  |d 2019-11-18  |h v.2  |i 1783963  |o 543 SKO 1977  |p 1783963  |r 2025-04-22  |w 2019-11-18  |y BK  |k QUI